[Event "Darmstadt Integrata 1st"]
[Site "Darmstadt"]
[Date "2001.01.11"]
[Round "5"]
[White "Ginsburg, Gennadij"]
[Black "Jakubiec, Artur"]
[Result "1-0"]
[WhiteElo "2487"]
[BlackElo "2488"]
[Annotator "Rogozenco,D"]
[PlyCount "135"]
[EventDate "2001.01.02"]
[EventType "tourn"]
[EventRounds "9"]
[EventCountry "GER"]
[EventCategory "10"]
[SourceTitle "CBM 081"]
[Source "ChessBase"]
[SourceDate "2001.03.20"]
[SourceVersion "1"]
[SourceVersionDate "2001.03.20"]
[SourceQuality "1"]

1. e4 c5 2. Nf3 Nc6 3. d4 cxd4 4. Nxd4 Nf6 5. Nc3 e5 6. Ndb5 d6 7. Bg5 a6 8.
Na3 b5 9. Bxf6 gxf6 10. Nd5 f5 11. exf5 Bxf5 12. c3 Bg7 13. Nc2 Be6 14. g3 (14.
Nce3 Ne7 15. g3 Nxd5 16. Nxd5 $11) 14... O-O (14... Ne7 15. Bg2 Nxd5 16. Bxd5
$14) 15. Bg2 f5 16. O-O a5 17. Nf4 {This tempting move leads only to
simplifications and equal position.} exf4 18. Bxc6 fxg3 19. hxg3 f4 (19... Rc8
20. Bd5 Qd7 21. a3 f4 $2 22. Re1 $2 (22. Qg4 $3 Rce8 23. Nd4 Rf6 24. Nxe6 Rexe6
25. Rae1 Kf7 26. Rxe6 $18) 22... Bxd5 23. Qxd5+ Kh8 24. Qe6 Qxe6 25. Rxe6 fxg3
26. fxg3 Be5 $17 {0-1 Borchardt,A-Dzjuba,V/Bydgoszcz 2000/ (49)}) 20. Bd5 (20.
Nd4 fxg3 21. Nxe6 Qh4 22. fxg3 Qxg3+ 23. Bg2 Qe3+ 24. Kh1 Qh6+ 25. Kg1 Qe3+ 26.
Kh1 {1/2-1/2 Voitsekhovsky,S-Tolstikh,N/Samara 2000}) (20. Bxa8 Qxa8 21. Qxd6
Bh3 22. f3 Rf6 $44) 20... Bxd5 (20... Qd7 $2 {A typical mistake, see the above
mentioned game Borchardt,A-Dzjuba,V/Bydgoszcz 2000.} 21. Qg4) 21. Qxd5+ Kh8 22.
Nd4 (22. Rfe1 Qc8 (22... fxg3 23. fxg3 Be5 {and Black has a very comfortable
position.}) 23. Nd4 fxg3 24. fxg3 Qg4 25. Kg2 Rae8 (25... Be5 26. Rxe5 dxe5 27.
Qxe5+ Kg8 28. Qd5+ Kh8 29. Qe5+ $11) 26. Rxe8 Rxe8 27. Rf1 Bxd4 28. Qxd4+ Qxd4
29. cxd4 $11 {1/2-1/2 Van der Wiel,J-De Vreugt,D/Amsterdam 1996/ (32)}) 22...
Be5 $4 (22... fxg3 23. fxg3 Be5 $11 {I guess this was Black's intention, but
for strange reason he started with the wrong move.} (23... Qb6 24. Kg2 (24.
Rxf8+ Rxf8 25. Rd1 Be5 {[%csl Rg3][%cal Gf8g8]}) 24... Bxd4 25. cxd4 $14)) 23.
Ne6 {just winning the exchange.} Qf6 24. Nxf8 Rxf8 25. Rad1 Rg8 26. Rd3 Qg6 27.
Kg2 fxg3 28. fxg3 Bxg3 29. Qf5 Qg7 30. Qf7 Qg4 31. Qf6+ Rg7 32. Qf8+ Rg8 33.
Qf6+ Rg7 34. Qf3 $18 Be5+ (34... Qg6 35. Qf5 {and Black cannot avoid trading
Queens anyway.}) 35. Qxg4 Rxg4+ 36. Kh3 Rc4 {There are some difficulties, but
White should win in the end. Two Rooks create many threats in an open position
and Black cannot swap the Rook, as after it White wins much easier.} 37. Rd5 b4
38. Rxa5 bxc3 39. bxc3 Rxc3+ 40. Kg4 Kg7 41. Kf5 Bd4 42. Ra4 Bc5 43. Rg4+ Kf7
44. Rh4 Kg8 45. Kf6 Rg3 46. Rfh1 Rf3+ 47. Ke6 Re3+ 48. Kd5 Rd3+ 49. Kc6 Ra3 50.
R1h2 Ra6+ 51. Kd5 Ra3 (51... Ra7 52. Rg2+ Kh8 (52... Kf8 53. Rf4+ Rf7 54. Rxf7+
Kxf7 55. a4 $18) 53. a4 $18) 52. Rg2+ Kh8 53. Rhg4 Ra8 54. a4 Ba3 55. Ke6 Bc1
56. Rc2 Be3 57. Rc7 h5 58. Rh4 Ra5 59. Rb7 Rg5 60. Kf6 Re5 61. Rb5 Bc5 62. a5
Kg8 63. a6 Re8 64. Rxh5 Bd4+ 65. Kg6 Ra8 66. Rb7 d5 67. a7 Rf8 68. Rb8 1-0

[Event "Asia-ch"]
[Site "Kolkata"]
[Date "2001.08.12"]
[Round "4"]
[White "Barua, Dibyendu"]
[Black "Vladimirov, Yevgeniy"]
[Result "1/2-1/2"]
[WhiteElo "2499"]
[BlackElo "2612"]
[Annotator "Rogozenco,D"]
[PlyCount "77"]
[EventDate "2001.08.09"]
[EventType "swiss"]
[EventRounds "11"]
[EventCountry "IND"]
[SourceTitle "CBM 085"]
[Source "ChessBase"]
[SourceDate "2001.11.13"]
[SourceVersion "1"]
[SourceVersionDate "2001.11.13"]
[SourceQuality "1"]

1. e4 c5 2. Nf3 Nc6 3. d4 cxd4 4. Nxd4 Nf6 5. Nc3 e5 6. Ndb5 d6 7. Bg5 a6 8.
Na3 b5 9. Bxf6 gxf6 10. Nd5 f5 11. exf5 Bxf5 12. c3 Bg7 13. Nc2 O-O (13... Be6
14. g3 O-O 15. Bg2 f5 16. O-O Rc8 {and now the move 17.Nce3 is weaker than for
instance 17.a4. But in the game we reached this position with 17.Nce3, that's
why 15.g3 is a possible, but not best option.}) 14. Nce3 Be6 15. g3 (15. Bd3 {
is the main move.}) 15... f5 16. Bg2 Rc8 17. O-O Kh8 (17... f4 {main
disadvantage of the early Nce3 is because of Black's advance f5-f4. Already
now this was possible.} 18. Nc2 Bf5 $5 (18... fxg3 19. hxg3 Ne7 $13) 19. a4 $4
f3 $1 20. Bh1 Bxc2 {0-1 Farkas-Shankar, Szeged 1998.} 21. Qxc2 Nd4 {[%cal
Gd4e2]}) 18. Qh5 (18. a4 b4 $1 {another drawback of the knight on e3 - less
control over b4-square.}) 18... Bf7 (18... f4 19. Be4 $1) 19. Qe2 f4 20. Nc2 (
20. gxf4 $2 exf4 21. Nxf4 Qh4 (21... Ne5 22. Nfd5 (22. Ned5 Qh4 $44) 22... Bg6
(22... Qh4 23. f4 Bh5 24. Qc2) 23. f4 $1 Bd3 24. Qh5) 22. Nfd5 Bh5 {followed
by Bf3, when Black has a very strong attack.}) 20... Ne7 21. Ncb4 Nxd5 (21...
Ng6 $5 22. Nxa6 Be6 23. Nab4 Qg5 $44) 22. Bxd5 Qb6 (22... Bxd5 $5 23. Nxd5 f3
24. Qd3 Qd7 $13) 23. Be4 (23. Bxf7 Rxf7 24. Nd5 Qc5 25. Rad1 $11 (25. Qe4 fxg3
26. hxg3 Rcf8 $36)) 23... a5 24. Nd5 Qc5 25. Rad1 {White managed to keep
control over central squares, and Black must play accurately in order to keep
the balance. Fortunately, he has enough counterchances.} (25. b4 Qc4) 25... b4
$11 26. Qg4 Qc4 27. f3 (27. Nb6 Qxe4 28. Nxc8 Bd5 29. f3 (29. Rxd5 Qxd5 $15)
29... Qe3+ 30. Kh1 (30. Rf2 fxg3 $19) 30... Bc4 $17 31. Rfe1 Be2) 27... Bxd5
28. Rxd5 (28. Bxd5 Qc5+ 29. Kh1 bxc3) 28... Rf6 29. Rxa5 bxc3 30. bxc3 Rg8 31.
Bd5 Qxc3 32. Bxg8 Qxa5 33. Bb3 fxg3 34. hxg3 Qd2 35. Rf2 (35. Qc4 Rf8) 35...
Qc1+ 36. Kg2 Rh6 37. Rf1 Qd2+ 38. Rf2 Qc1 39. Rf1 1/2-1/2

[Event "Budapest Hunguest Hotels"]
[Site "Budapest"]
[Date "2003.04.19"]
[Round "8"]
[White "Acs, Peter"]
[Black "Leko, Peter"]
[Result "1-0"]
[WhiteElo "2600"]
[BlackElo "2746"]
[Annotator "Rogozenco,D"]
[PlyCount "73"]
[EventDate "2003.04.11"]
[EventType "tourn"]
[EventRounds "9"]
[EventCountry "HUN"]
[EventCategory "17"]
[SourceTitle "CBM 095"]
[Source "ChessBase"]
[SourceDate "2003.07.25"]
[SourceVersion "1"]
[SourceVersionDate "2003.07.25"]
[SourceQuality "1"]

1. e4 {Ftacnik} c5 2. Nf3 Nc6 3. d4 cxd4 4. Nxd4 Nf6 5. Nc3 e5 6. Ndb5 d6 7.
Bg5 a6 8. Na3 b5 9. Bxf6 gxf6 10. Nd5 f5 11. Bd3 Be6 12. Qh5 {A fashionable
move in the past, this line became popular recently. The present game
certainly played its role for that.} Rg8 (12... Bg7 13. O-O f4 14. c4 {is
another main direction in Sveshnikov Sicilian.  However, 12...Rg8 leads to
more dynamic and sharp positions.}) 13. g3 Rg5 (13... Rg4 14. f4 $1) 14. Qd1 (
14. Qxh7 {taking the pawn gives Black good counterplay after both 14...Nd4 and
14...Bxd5.}) 14... Bxd5 15. exd5 Ne7 16. c3 (16. Nxb5 Qb6 17. Na3 Qxb2 18. Nc4
Qc3+ 19. Kf1 Rd8 20. Rb1 e4 21. Be2 f4 $1 {0-1 Polgar,J-Leko,P/Budapest 2003 
(44)}) 16... Bh6 $146 (16... Qb6 17. Nc2 e4 18. Be2 f4 19. Qd2 $5 Rxd5 20. Qxf4
Re5 21. O-O Bg7 22. Kh1 b4 23. c4 d5 24. Rad1 $1 {1-0 Grischuk,A-Krasenkow,M/
Wijk aan Zee 2003 (48)}) (16... e4 17. f4 $1 {was met earlier, with a slight
plus for White.}) 17. Be2 {A good move, anticipating 17...e4.} (17. Nc2 e4 {
followed by 18...f4, with counterplay.}) 17... Qb6 (17... Rc8 18. c4 f4 19.
cxb5 e4 20. gxf4 Qa5+ 21. Kf1 Rxd5 22. Qe1 Qc7 23. bxa6 Qd7 24. Rg1 Qh3+ 25.
Rg2 Bxf4 26. Qb4 Bxh2 27. Bg4 Qd3+ 28. Be2 Qh3 29. Bg4 Qd3+ 30. Ke1 $16 {
1-0 Polgar,J-Lautier,J/Enghien les Bains 2003 (38)}) (17... e4 18. Qd4 $5 {Acs}
(18. Nc2 f4 $1) 18... Bg7 19. Qd2 $14) 18. Nc2 Kf8 {'?!' Ftacnik. This natural
and useful retreat is somewhat too slow, allowing White to start first his
active actions on the queenside.  Ftacnik: 'Leko must have been pleased by the
success against Polgar and and it surely influenced his trust for the black's
setup.'} (18... Qb7 $142 $13 {'!?' Ftacnik.} 19. f4 {Ftacnik} exf4 20. gxf4 Rg6
21. a4 Bxf4 22. axb5 axb5 23. Rxa8+ Qxa8 24. Bxb5+ Kd8 $13) (18... e4 {Ftacnik}
19. f4 exf3 20. Bxf3 f4 21. Qd3 $14) 19. a4 $1 $36 bxa4 20. Nb4 f4 (20... a5
21. Qxa4 $14) 21. Qxa4 f3 22. Bd3 (22. Bxf3 $2 Rf5 {[%csl Rf2]} 23. Ke2 e4 $19)
(22. Bxa6 $2 e4 $132) 22... Rg4 (22... f5 $142) 23. O-O (23. Qa5 {allows Black
an unexpected check on d2:} Bd2+ $1 24. Kf1 $1 (24. Kxd2 Qxf2+ 25. Kc1 e4 $17)
24... Qxa5 {Now with the king on f1 Black will have tactical motifs even in
endgame.} 25. Rxa5 Rc8 26. Nc2 (26. Ra1 Bxc3 $1 27. bxc3 Rxc3 $19) 26... Rb8
27. Nb4 Rc8 $11) 23... f5 24. Qd7 {[%cal Ga1a6,Gd3f5] Black's problem is the
lack of co-ordination between pieces, while White already starts to create
concrete threats.  Ftacnik: 'Acs has achieved a great feat, since his king
sits in the safety and white is positionaly winning on the queenside.
Penetration of the active white queen to the enemy camp must have been very
unpleasant for the defender.'} Rxb4 {Desperation in a bad position. Tactical
tricks are probably the only thing left for Black anyway.} (24... Rd8 25. Rxa6
$1 $16) (24... a5 $2 25. Nc6 Nxc6 26. Qxf5+ $18) 25. cxb4 e4 26. Bb5 $1 {
Most precise. The bishop goes to c6.} Rb8 27. Bc6 Qxb4 28. Ra4 (28. Rxa6 Be3 $1
29. fxe3 $140 $4 Qxb2 $19) 28... Qxb2 29. Qxd6 Be3 {Nice, but White has a
defence. He should have kept the bishop closer to his own king with 29...Bg7.}
30. h4 $1 (30. Ra2 Bxf2+ 31. Rxf2 Qb1+ 32. Rf1 Qxa2 33. Qxb8+ Kg7 34. Qe5+ Kf8
35. Qf6+ Kg8 $11 {(Acs)}) 30... Ba7 31. Rxa6 Qe2 32. Raa1 e3 33. Qf6+ Kg8 34.
Bd7 {White wins by mating attack.} exf2+ 35. Kh2 Rb6 36. Be6+ Rxe6 37. dxe6 1-0

[Event "Budapest Hunguest Hotels"]
[Site "Budapest"]
[Date "2003.04.15"]
[Round "5"]
[White "Polgar, Judit"]
[Black "Leko, Peter"]
[Result "0-1"]
[WhiteElo "2715"]
[BlackElo "2746"]
[Annotator "Rogozenco,D"]
[PlyCount "88"]
[EventDate "2003.04.11"]
[EventType "tourn"]
[EventRounds "9"]
[EventCountry "HUN"]
[EventCategory "17"]
[SourceTitle "CBM 095"]
[Source "ChessBase"]
[SourceDate "2003.07.25"]
[SourceVersion "1"]
[SourceVersionDate "2003.07.25"]
[SourceQuality "1"]

1. e4 {Ftacnik} c5 2. Nf3 Nc6 3. d4 cxd4 4. Nxd4 Nf6 5. Nc3 e5 6. Ndb5 d6 7.
Bg5 a6 8. Na3 b5 9. Bxf6 gxf6 10. Nd5 f5 11. Bd3 Be6 12. Qh5 Rg8 13. g3 Rg5 14.
Qd1 Bxd5 15. exd5 Ne7 16. Nxb5 $6 {This is a doubtful novelty. Later Polgar
switched to the more logical 16.c3. The problem with taking with the knight on
b5 in Sveshnikov Sicilian is that even when it wins a pawn, Black often gets
good compensation.  However, in this game Leko doesn't even sacrifice the pawn.
} (16. c3 Bh6 17. Be2 Rc8 18. c4 f4 19. cxb5 e4 20. gxf4 Qa5+ 21. Kf1 Rxd5 22.
Qe1 Qc7 23. bxa6 Qd7 24. Rg1 Qh3+ 25. Rg2 Bxf4 26. Qb4 Bxh2 27. Bg4 Qd3+ 28.
Be2 Qh3 29. Bg4 Qd3+ 30. Ke1 Nc6 31. Qb7 Qd2+ 32. Kf1 Qd3+ 33. Be2 Qh3 34. Rc1
Rg5 35. Bg4 Qd3+ 36. Ke1 e3 37. Bd7+ Ke7 38. Bf5+ {1-0 Polgar,J-Lautier,J/
Enghien les Bains 2003.}) 16... Qb6 (16... e4 17. Be2 Qa5+ 18. Nc3 Bg7 $44) (
16... Bg7 $44) 17. Na3 (17. Qc1 Bh6 $1 $36 (17... Rg6 {Ftacnik} 18. Nc3 Bh6 19.
Qb1 (19. f4 exf4 20. gxf4 Rg1+ $17) 19... e4 20. Be2 Bg7 $11)) 17... Qxb2 18.
Nc4 Qc3+ 19. Kf1 Rd8 {Ftacnik: 'The modern chess is first of all tough fight
with quite a few questionable moments. It is hard to guess why black refrained
from the promissing 19...Nxd5!? '} (19... e4 20. Be2 (20. f4 Rg6 21. Be2 Rc8 {
is much better for Black, if comparing with 21.f4 instead of 21.Be2 from the
game.}) 20... Bg7 21. Rb1 Kf8 $13 22. Nxd6 Rd8 $36 {[%csl Rd5]}) (19... Rg6 $5)
(19... Nxd5 $5 20. Rb1 {Ftacnik} Qd4 21. Be2 Qc5 $15) 20. Rb1 e4 (20... Nxd5 {
Ftacnik} 21. Be2 Nf6 22. Rb3 Qd4 23. Qxd4 exd4 24. Rb6 $14) 21. Be2 $6 ({
The typical} 21. f4 {was necessary. Now Black will find a job for the rook on
the fifth rank.} Rg6 (21... exf3 22. Qxf3 Bg7 23. Kg2 {is in White's favour.})
22. Be2 $13 {[%cal Gf1g2]}) (21. Rb3 {Ftacnik} Qf6 (21... Qd4 $2 22. Nxd6+ Rxd6
23. Bb5+ $18) 22. f4 Rg6 (22... exf3 23. Nb6 Ng6 24. Qxf3 $16) 23. Be2 Bg7 24.
Kg2 $14) 21... f4 $1 {[%cal Gg5d5]} 22. Rb3 Qf6 23. gxf4 {'?' Ftacnik. White
had little choice, since protecting the d-pawn by moves like 23.Nb6 (which is
probably best) would hardly cross anyone's mind.  Ftacnik: 'This solution is
most likely second rate, Leko will get a chance to build up the massive
initiative on the kingside. '} (23. Nb6 {Ftacnik} fxg3 (23... f3 24. Bxa6 Nxd5
25. h4 Qh6 26. Kg1 (26. Nxd5 Rxd5 27. Qe1 $11) 26... Rxg3+ 27. fxg3 Nxb6 28.
Qd4 $16) 24. hxg3 Nf5 25. Kg2 Bg7 26. Bxa6 $14) 23... Qxf4 {Now White's
previous move is fully justified.} (23... Rxd5 $1 24. Qc1 (24. Qb1 {Ftacnik}
Qxf4 25. Ne3 Ra5 $17) 24... Bh6 $17 (24... Rc5 {Ftacnik} 25. Nb6 Nf5 $17)) 24.
Ne3 Bg7 (24... Bh6 $5 25. Bxa6 Ra8 26. Bb5+ Kf8 $44) 25. Bxa6 {White's extra
pawn plays insignificant role for the moment. Black will organise an
initiative in the center and on the kingside, using the fact that White has an
worse co-oprdination: not easy to connect rooks, bad position of the king and
no possibilities for active play.} Nf5 $44 26. Ng2 (26. Nxf5 Rxf5 27. Qe2 Bd4
$17) 26... Qe5 27. h4 Rg6 28. Rhh3 {So she achieved the connection between
rooks. The position is double-edged.} Kf8 29. Qb1 {White is trying to create
her own play. However, the king on f1 will need soon more pieces to defend him
and White's main task was rather to prevent Black's active possibilities. Also
pawn d5 remains unprotected now.} (29. c3 $13 {[%cal Gd1e2] would have been
better, preventing Nd4. However, psychologically it's a difficult move to make
after just having reached the connection between rooks on the third rank.}) ({
or} 29. h5 {followed by 30.c3.}) 29... Bf6 30. h5 Rg8 31. Be2 {'?' Ftacnik.
Ftacnik: 'Much more promissing was to change a pair of rooks with the help of
31.Rb8!?, even though black would still be better.'} (31. c4 $6 {protects pawn
d5, but leaves the bishop out of play on a6. Black is clearly better, after say
} Nd4 32. Rbe3 {and now even} (32. Rb8 Qg5 33. Rg3 Qxh5) 32... Nf3 $5 33. Rhxf3
exf3 34. Rxe5 fxg2+ 35. Kg1 Bxe5 $17) (31. Rb8 $5 {Ftacnik} Qxd5 (31... Rxb8
32. Qxb8+ Kg7 33. Qb1 Qxd5 34. c4 $11) 32. c4 Qd4 $15) 31... Nd4 (31... Qxd5
32. Rb5 Qe6 {was possible too.}) 32. Rbe3 Bg5 ({Black has a decisive attack
after the following forced line:} 32... Nxe2 33. Rxe2 Qg5 34. Rg3 Qxh5 35.
Rxg8+ Kxg8 36. Re1 Kh8 37. Ne3 Bc3 38. Rd1 Qh1+ 39. Ke2 Qf3+ 40. Kf1 f5 $19 {
But the game continuation is also strong enough to win.}) 33. Qb6 Re8 34. Reg3
f5 35. Nh4 (35. Bb5 Re7 {changes little - White is unable to stop the advance
of f-pawn.}) 35... Nxe2 36. Kxe2 f4 $19 37. Rb3 f3+ 38. Kf1 Qxd5 39. Nxf3 Qc4+
40. Rd3 exd3 41. Qxd6+ Be7 42. Qh6+ Rg7 43. Rg3 dxc2+ 44. Kg2 Qc3 0-1

[Event "Asia-ch"]
[Site "Kolkata"]
[Date "2001.08.14"]
[Round "7"]
[White "Nolte, Rolando"]
[Black "Mallahi, Amir"]
[Result "1/2-1/2"]
[WhiteElo "2324"]
[BlackElo "2416"]
[Annotator "Rogozenco,D"]
[PlyCount "125"]
[EventDate "2001.08.09"]
[EventType "swiss"]
[EventRounds "11"]
[EventCountry "IND"]
[SourceTitle "CBM 085"]
[Source "ChessBase"]
[SourceDate "2001.11.13"]
[SourceVersion "1"]
[SourceVersionDate "2001.11.13"]
[SourceQuality "1"]

{I must say from the very beginning that if I wouldn't have known the names of
the players I would think the game was played by two super GMs at their best
days. Asia might have a "bright future", if little known players produce such
computer-like games in Asian Championship.} 1. e4 c5 2. Nf3 Nc6 3. d4 cxd4 4.
Nxd4 Nf6 5. Nc3 e5 6. Ndb5 d6 7. Bg5 a6 8. Na3 b5 9. Bxf6 gxf6 10. Nd5 f5 11.
Bd3 Be6 12. Qh5 Rg8 13. g3 Nd4 14. c3 fxe4 15. Bxe4 Bg4 16. Qxh7 Rg7 17. Qh6
Nf3+ 18. Ke2 {Another example of how far the theory can go nowardays. Playing
18.Ke2 looks at least suspicious comparing with 18.Kf1, but in the game
Beliavsky-Shirov, Groningen 1993 White achieved a convincing win with it.
Although many games were played with both 18.Kf1 and 18.Ke2, there are only
few on the high level, so there is a lot of room for improvements.} (18. Kf1
Rg5 19. Nf6+ Ke7 $1 20. Qh8 Nd2+ 21. Kg2 Nxe4 22. Nxe4 Rg6 $13 {0-1 Galkin,
A-Filippov,V/Elista 1997 (45)}) 18... Ng5+ (18... Rg6 19. Qe3 Bh6 20. Qb6 (20.
Qd3 f5 $1 21. Bxf5 $140 $2 Nd4+ $19) 20... Nd2+ 21. f3 Nxe4 (21... Nxe4) 22.
Qxd8+ Kxd8 23. fxg4 Rxg4 24. Rhf1 $14 {1/2-1/2 Anjuhin,A-Rogoznikov,A/Voronezh
1991 (40)}) 19. f3 Nxe4 20. fxg4 Qc8 (20... Rxg4 21. Qh3 (21. Qe3 f5 22. Qf3
Rg5 $13) 21... Rg6 (21... Qg5 $5 {[%csl Rh3]}) 22. Qg2 (22. Qf5) 22... f5 23.
Nc2 Ra7 24. Nce3 Qc8 25. Rhf1 Rf7 $13 {0-1 Zastrow,H-Bussmeyer,H/corr 1988 (50)
}) 21. Qe3 Qxg4+ 22. Qf3 Qxf3+ 23. Kxf3 f5 24. Nc2 Raa7 {[%cal Ga7f7] Actually
only this move is a novelty. I wonder if the players new all the theory of
this complicated variation (which is remarkable) or they invented the moves
over the board (which is even more incredible). The move played by Black is a
computer suggestion and to come up over the board with this idea is difficult
even for very strong GMs.} (24... Kf7 {This more human move was made by Shirov,
but after:} 25. Nce3 Ke6 $2 (25... Nf6 $14) 26. Nxf5 $2 {Black got a difficult
position in Beliavsky-Shirov, Groningen 1993.}) 25. Nce3 (25. a4 Rgb7 $5 {
it looks nice - black rooks are moving depending of the opponent's play. Still
I have a feeling that White should be better.} 26. b4 $5 (26. Ncb4 bxa4 27.
Rxa4 a5 28. Rha1 Rb5 $13 {[%cal Ge4c5,Ga5a4]})) 25... Raf7 {Now Black is ready
to push his pawns.} 26. a4 {Also logical - White must start his own play.} Ng5+
27. Ke2 f4 28. gxf4 (28. axb5 fxe3 29. bxa6 Rf2+ 30. Kxe3 Rgf7 $13) 28... exf4
29. Nc2 (29. axb5 $5 fxe3 30. bxa6 {with the simple idea to push the b-pawn.
Black is facing real problems here and must find a clear way to create quick
counterplay, which is not at all a simple task.}) 29... Rf5 30. Ndb4 (30. Ncb4
$2 a5) 30... f3+ 31. Kd3 f2 32. Nd4 Re5 {I must repeat that I have strange
feelings about the game. Both players make computer moves and in the end White
draws simply because it seems the player with White didn't study yet how to
win with 2 knights versus pawn. Everything else seems he knows already...} 33.
axb5 axb5 34. Nbc6 Rc5 35. h4 Nh7 36. Ra8+ Kf7 37. Rf1 Rg2 38. Ke2 {With a
very precise play White reached everything he could. Also Black did the best,
so not so bad for players with an average rating less than 2400.} Rh5 39. Rxf2+
(39. Nf3 {Of course there was no point to give up the h-pawn, but a computer
would not see a big difference.}) 39... Rxf2+ 40. Kxf2 Rxh4 41. Kg3 Rh5 42. Rb8
Nf6 43. Rxb5 Ne4+ 44. Kf3 Rxb5 45. Nxb5 Nc5 46. b4 Na4 47. Ke4 $2 {It allows
the above-mentioned endgame.} Nxc3+ 48. Nxc3 d5+ 49. Kd4 Bxb4 50. Nxb4 Kg6 {
White wins this position in 65 moves, I am very disappointed that he didn't
know how to do it, because up to this point he knew everything.} 51. Nd3 Kf5
52. Nb5 Kg6 53. Ke3 (53. Ke5 $1 {and only 37 moves left till mate!}) 53... d4+
54. Ke4 Kf6 55. Nc7 Ke7 56. Kd5 Kf6 57. Ne6 Kf5 58. Kd6 Kf6 59. Nef4 Kf5 60.
Kd5 Kf6 61. Ke4 Ke7 62. Nd5+ Kd7 63. Ke5 {Still White is winning in 62 moves.
Somehow I have the feeling that if White would have played the best moves,
Black would have answered with best replies as well... So the game could last
for another 62 moves. For some strange reason White decided to call it a day -
he was probably tired after making so many precise moves.} 1/2-1/2